Bautizar en la fe de la Iglesia / (Record no. 30411)

MARC details
000 -LEADER
campo de control de longitud fija 00522nam a2200169 i 4500
001 - NÚMERO DE CONTROL
campo de control 30411
003 - IDENTIFICADOR DE NÚMERO DE CONTROL
campo de control ES-MaACL
005 - FECHA Y HORA DE LA ÚLTIMA TRANSACCIÓN
campo de control 20230906154206.0
007 - CAMPO FIJO DE DESCRIPCIÓN FÍSICA--INFORMACIÓN GENERAL
campo de control de longitud fija t|
008 - DATOS DE LONGITUD FIJA--INFORMACIÓN GENERAL
campo de control de longitud fija 030124s1968 sp ||||1| spa d
245 00 - MENCIÓN DEL TÍTULO
Título Bautizar en la fe de la Iglesia /
Mención de responsabilidad, etc. S. Elespe... [et al.] ; presentación de José María Martín Patino.
260 ## - PUBLICACIÓN, DISTRIBUCIÓN, ETC.
Lugar de publicación, distribución, etc. Madrid :
Nombre del editor, distribuidor, etc. Marova,
Fecha de publicación, distribución, etc. [1968]
300 ## - DESCRIPCIÓN FÍSICA
Extensión 194 p. ;
Dimensiones 21 cm.
700 1# - ENTRADA AGREGADA--NOMBRE PERSONAL
Nombre de persona Elespe, S.
9 (RLIN) 46932
700 1# - ENTRADA AGREGADA--NOMBRE PERSONAL
Nombre de persona Martín Patino, José María.
9 (RLIN) 77597
852 ## - LOCALIZACIÓN
Ubicación ES-MaACL
Número de control de estantería C-49894
Sublocalización o colección R.66572
Holdings
Estatus retirado Estado de pérdida Estado de daño No para préstamo Biblioteca de origen Biblioteca actual Ubicación en estantería Fecha de adquisición Fuente de adquisición Total de préstamos Signatura topográfica completa Código de barras Visto por última vez Precio de reemplazo Tipo de ítem Koha
        Biblioteca del Ateneo de Madrid Biblioteca del Ateneo de Madrid Depósito 2 17/01/2008     C-49894 1031399 23/02/2023 23/02/2023 Libro impreso